000 00447pab a2200157 454500
008 180718b1995 xxu||||| |||| 00| 0 eng d
100 _aHowarth, Richard B.
245 _aSustainability under uncertainty
_ba deontological approach.
260 _c1995
300 _ap.417-27
362 _aNov
650 _aEconomic development - United States
650 _aSustainable development - United States
773 _aLand Economics
909 _a29715
999 _c29715
_d29715